000 00988nac a22002657a 4500
001 BR8703241
003 BR-BrBNA
005 20240105120509.0
008 230509b bl.|||m| |||| 00| 0 por d
040 _aBR-BrBNA
_bpor
_cBiblioteca Nacional de Agricultura
072 _aE14; L01
090 _aE14 BR8703241
100 1 _aCastro, J.P.R. de
110 1 _aUniversidade Rural do Estado de Minas Gerais, Vicosa (Brasil). Diretoria Geral de Extensao
_911283
245 1 _aAspectos economicos da pecuaria da bacia leiteira de Belo Horizonte [Minas Gerais]
260 3 _aVicosa, MG (Brasil):
_c1967.
300 _a11 p.
490 _aSerie Tecnica. Boletim - Universidade Rural do Estado de Minas Gerais. Diretoria Geral de Extensao (Brazil)
_vno. 10
_x
500 _aUFV, Vicosa, MG (Brazil). Biblioteca Central
650 _aDESENVOLVIMENTO ECONOMICO
650 _aPECUARIA
650 _aMINAS GERAIS
909 _a202312
_bLúcia Elande
_c55
_dLúcia Elande
942 _2AGRIS
_n0
_cMS
999 _c279772
_d279772